Ley federal de educación(folleto) /
Guardado en:
| Formato: | Libro |
|---|---|
| Publicado: |
Buenos Aires :
,
1994
|
| Materias: | |
| Etiquetas: |
Agregar Etiqueta
Sin Etiquetas, Sea el primero en etiquetar este registro!
|
| LEADER | 00565nam a22001815a 4500 | ||
|---|---|---|---|
| 001 | CEM.cems008806 | ||
| 005 | 20060214000000.0 | ||
| 008 | 130507s1994##################000#0#####d | ||
| 003 | CEMS | ||
| 082 | 0 | 4 | |a F370 |
| 245 | 0 | 0 | |a Ley federal de educación(folleto) / |
| 260 | |a Buenos Aires : |b , |c 1994 | ||
| 300 | |a 15 p. | ||
| 505 | 0 | |a Texto de la Ley.Texto de la Ley.Texto de la Ley.Texto de la Ley.Texto de la Ley.Texto de la Ley. | |
| 653 | |a Educacion | ||
| 653 | |a Ley 24195 | ||
| 653 | |a Ley federal de educacion | ||
| 859 | |a CEMS |b BIB. CEMS - 11 de abril |h F370 |i 45 |p 1299.44 |t Ej.1 | ||
